drapeaux du monde #8 - Statistiques

Statistiques générales
  • Ce quiz a été pris 115 fois
  • Le résultat moyen est 17 sur 23
Statistiques - réponses
Par images Réponse % Correct
turquie
98%
ukraine
97%
tunisie
96%
uruguay
95%
vietnam
90%
venezuela
86%
thailande
83%
vatican
82%
tchad
80%
union europeenne
80%
tanzanie
77%
zambie
76%
taiwan
73%
zimbabwe
73%
turkmenistan
70%
yemen
70%
tonga
67%
togo
65%
trinite et tobago
65%
tadjikistan
60%
tuvalu
53%
vanuatu
53%
timor oriental
52%
Aucun quiz correspondant
Distribution des résultats
% des personnes avec chaque résultat
Percentile par nombre de réponses
Votre historique - résultats
Vous n’avez pas pris ce quiz